000 01011nam a2200229Ia 4500
999 _c40771
_d40771
001 7410
003 GE_BSU
005 20231128161133.0
008 181216s1990||||ge |||||||||||||| ||geo||
040 _cGE_BSU
041 _ageo
080 _a821.353.1-311.6 დ-14
100 _aდადიანი, შალვა
_920494
245 _aუბედური რუსი :
_bრომანი /
_cშალვა დადიანი ; რედ. ლალი თურბანდიშვილი ; შემდგ. : გ. გვერდწითელი, გ. ფანჯიკიძე.
264 _aთბილისი :
_bმერანი,
_c1990.
300 _a400 გვ. :
_bილ. ;
_c21სმ.
490 _aქართული ისტორიული პროზა
653 _aრომანი
653 _aუბედური რუსი
700 _aთურბანდიშვილი, ლალი
_eრედაქტორი
_920495
942 _cBK
_2udc